| 000 | 00731nam a2200193 a 4500 | ||
|---|---|---|---|
| 008 | 120416s1995 xx |||||||||||||| || u | ||
| 020 | _a0340613998 | ||
| 050 | _aTS 227 Gou | ||
| 100 | _aGourd, L. M | ||
| 245 | 1 | 0 | _aPrinciples of welding technology |
| 250 | _a3rd ed. | ||
| 260 |
_a _bEdward Arnold _c1995 |
||
| 300 | _aviii, 243p. : ill. | ||
| 350 | _a0.00 | ||
| 650 | _aWELDING | ||
| 650 | _aMECHANICS | ||
| 995 |
_aMAIN LIBRARY OPEN ACCESS _D0.00 _e727541 _FCBU-MAIN LIBRARY (Kitwe) _H2 _I16.00 _jTS 227 Gou _M2 _UAVAILABLE _y025372 _ZMain Library Open Access Collection |
||
| 995 |
_aMAIN LIBRARY OPEN ACCESS _D0.00 _e727542 _FCBU-MAIN LIBRARY (Kitwe) _H1 _I16.00 _jTS 227 Gou _M1 _UAVAILABLE _y025356 _ZMain Library Open Access Collection |
||
| 999 |
_c77367 _d77367 |
||